000 00620nam a2200253Ia 4500
003 OSt
005 20221007103342.0
006 a|||||r|||| 00| 0
007 ta
008 221006b |||||||| |||| 00| 0 hin d
024 _a12,904
037 _cTextual
040 _aLCO
_cLCO
_bhin
041 _2hin
_ahin
082 _aZ2,3, P4
100 _aAvtar Singh
245 0 _aSanvida Vidhi
250 _a8th
260 _aLucknow
_bEastern Book Company India
_c2004
300 _a604
650 _aLaw of Contract
_9681440
942 _hZ2,3, P4
_cTEXL
999 _c1182467
_d1182467